00761nam a2200253Ia 450000500170000000800410001702000180005810000250007624500380010125000220013930000270016165000260018865000320021465000400024665000290028694200120031526400310032733600270035833700330038533800280041804000350044608400110048199900150049220220317000127.0141031s9999 xx 000 0 und d a978958758039610aMontero, Rosa, 1951-13aLa loca de la casa cRosa Montero a1a ed. 1a reimpr. a248 páginas c23 cm.14a Autobiografia 2LEMB14a Autores españoles 2LEMB14a Fantasía en la literatura 2LEMB14a Novela española2LEMB 2loccBK aBogotá bAlfaguarac2012 atextobtxt2rdacontent asin mediaciónbn2rdamedia avolumenbnc2rdacarrier aCO-BoRNBPbspaerdacCO-BoRNBP aN MON8 c3170d3170